00467nam a2200121 4500008004100000082001700041110004300058245010400101260004200205300003000247650003900277650002900316231207b1996 |||||||| |||| 00| 0 eng d a291.178bASI aAsian Conference on Religion and Peace aOur Asian neighborhood: bthe fifth assembly of the Asian conference on religion and peace nACRP V a[Ayutthaya]:b[The conference],c1996 aix, 294 p. : ill. ; 21 cm aAsia-Social conditions- Congresses aPeace- Religious aspects